000 00570nam a2200229Ia 4500
003 OSt
005 20220918225032.0
006 a|||||r|||| 00| 0
007 ta
008 220917b |||||||| |||| 00| 0 eng d
024 _a236,292
037 _cTextual
040 _aARTS
_cARTS
_beng
041 _2eng
_aeng
082 _aV654, K8
245 0 _aCollapse of ojukwu's rebellion and prospects for lasting peace in Nigeria
260 _c1968
300 _a14p.
_ccm.
650 _aHISTORY
942 _hV654, K8
_cTEXL
_2CC
999 _c283205
_d283205